000 00310nam a22001337a 4500
008 171017b xxu||||| |||| 00| 0 eng d
020 _a9780205142194
041 _aeng
080 _25 ED
_a331.101.262
100 _a52
101 _aBNJ
245 _aHUMAN RESOUECE MANAGMENT
_cMONDY,R,W
942 _2udc
_cBK
999 _c34356
_d34356